00762nam a2200241 i 4500001000700000003000900007005001700016008004100033080001500074080001600089100002200105245004800127260003200175300004700207490004100254500001800295500004500313504002900358650002600387650002700413830004100440852003900481184237ES-MaACL20250815135507.0150526s1968 sp abo |||| | spa d a75.032(38) a75.032(375)1 aSpiteris, Tony P.10aPintura griega y etrusca / cTony Spiteris. aMadrid : bAguilar, c1968. a207 p. : bil. col. y n., mapas ; c27 cm.1 aHistoria general de la pintura ; v3 aCronología. aNomenclatura de las formas de los vasos. aBibliografía: p. [204] 7aPintura griega2embne 7aPintura etrusca2embne1 aHistoria general de la pintura ; v3 aES-MaACLjE-15647 z- Enc. cart.